Principles Of Product Management (Record no. 41684)

MARC details
000 -LEADER
fixed length control field 00312nam a2200121Ia 4500
008 - FIXED-LENGTH DATA ELEMENTS--GENERAL INFORMATION
fixed length control field 241015s9999 xx 000 0 und d
041 ## - LANGUAGE CODE
Language code of text/sound track or separate title eng
082 ## - DEWEY DECIMAL CLASSIFICATION NUMBER
Classification number 658.56 SMI
100 ## - MAIN ENTRY--PERSONAL NAME
Personal name Diane Smith
245 ## - TITLE STATEMENT
Title Principles Of Product Management
260 ## - PUBLICATION, DISTRIBUTION, ETC.
Name of publisher, distributor, etc. States Academic Press
Place of publication, distribution, etc. USA
Date of publication, distribution, etc. 2022
300 ## - PHYSICAL DESCRIPTION
Extent 238;. P. 27 cm

No items available.

Designed & Maintained by: LRC IMT Nagpur Contact: lrc@imtnag.ac.in© 2024. All Rights Reserved.